00411nam a2200085Ia 4500008004100000245015200041260000900193300010300202650002000305180130s9999 xx 000 0 und d cGrolinger, Katarina; Higashino, Wilson A.; Tiwari, Abhinav; Capretz, Miriam AMaData management in cloud environments: NoSQL and NewSQL data stores c2016 aBook title: Networking, models and methods of cloud computing--Acession number C20732; pages 47-70 aCLOUD COMPUTING